[Event "Philadelphia Open"]
[Site "Philadelphia"]
[Date "2017.04.12"]
[Round "1.30"]
[White "Brodsky, David"]
[Black "Yang, Kevin"]
[Result "1/2-1/2"]
[WhiteElo "2313"]
[BlackElo "2016"]
[PlyCount "68"]
[EventDate "2017.04.??"]
[EventType "swiss"]
[EventRounds "9"]
[EventCountry "USA"]

1. e4 c5 2. Nf3 g6 3. d4 cxd4 4. Nxd4 Nc6 5. c4 Nf6 6. Nc3 d6 7. Be2 Nxd4 8.
Qxd4 Bg7 9. Bg5 O-O 10. Qd2 Be6 11. Rc1 Qa5 12. f3 Rfc8 13. b3 a6 14. h4 b5 15.
Nd5 Qxd2+ 16. Kxd2 Bxd5 17. cxd5 h6 18. Be3 Nd7 19. f4 b4 20. Bg4 Bc3+ 21. Ke2
Rd8 22. Bxd7 Rxd7 23. Bd2 Bxd2 24. Kxd2 Rb7 25. Rc6 a5 26. Rhc1 f5 27. e5 Rb5
28. exd6 Rxd5+ 29. Kc2 Rxd6 30. Rxd6 exd6 31. Kd3 Kf7 32. Rc7+ Kf6 33. Rd7 Ke6
34. Rg7 Kf6 1/2-1/2

[Event "Philadelphia Open"]
[Site "Philadelphia"]
[Date "2017.04.12"]
[Round "1.31"]
[White "Senft, Sean"]
[Black "Santarius, Erick"]
[Result "1/2-1/2"]
[WhiteElo "1983"]
[BlackElo "2313"]
[Annotator "Hater,David"]
[PlyCount "120"]
[EventDate "2017.04.??"]
[EventType "swiss"]
[EventRounds "9"]
[EventCountry "USA"]

1. d4 d5 2. c4 e6 3. Nc3 Nf6 4. Bg5 Be7 5. e3 h6 6. Bh4 O-O 7. Nf3 Ne4 8. Bxe7
Qxe7 9. Qc2 Nxc3 10. Qxc3 dxc4 11. Bxc4 c5 12. dxc5 Qxc5 13. Rc1 b6 14. O-O Nd7
15. Rfd1 Nf6 16. Qe5 Qxe5 17. Nxe5 Bb7 18. Nd7 Rfc8 19. Nxf6+ gxf6 20. Bb3 Kf8
21. f3 Bc6 22. Rd4 Bb5 23. Rxc8+ Rxc8 24. Kf2 f5 25. Rd2 Rc1 26. Rd1 Rc8 27.
Rd2 Rc1 28. Rd1 Rc7 29. Rd2 Ke7 30. Ke1 Bd7 31. Rc2 Rb7 32. Bc4 b5 33. Be2 a5
34. Rc1 Kd6 35. Rd1+ Ke7 36. Rd4 Kf6 37. Rh4 Kg5 38. Rd4 Kf6 39. Rh4 Kg5 40.
Rd4 Bc6 41. Kf2 Bd5 42. f4+ Kf6 43. Bf3 Bxf3 44. Kxf3 Rc7 45. Ke2 Rc2+ 46. Rd2
Rc1 47. Rd1 Rc8 48. Rd7 h5 49. g3 Rc1 50. Rd1 Rc2+ 51. Rd2 Rc7 52. Kd1 Ke7 53.
Rc2 Rd7+ 54. Ke2 Rb7 55. Rc8 Kf6 56. Rg8 b4 57. Ra8 Rb5 58. Ra7 b3 59. axb3
Rxb3 60. Rxa5 Rxb2+ 1/2-1/2

[Event "Philadelphia Open"]
[Site "Philadelphia"]
[Date "2017.04.12"]
[Round "1.32"]
[White "Giannatos, Peter"]
[Black "Umayan, Vincent"]
[Result "1-0"]
[WhiteElo "2290"]
[BlackElo "1983"]
[PlyCount "99"]
[EventDate "2017.04.??"]
[EventType "swiss"]
[EventRounds "9"]
[EventCountry "USA"]

1. d4 Nf6 2. Bf4 d5 3. e3 e6 4. Nf3 c5 5. c3 Nc6 6. Nbd2 Bd6 7. Bg3 O-O 8. Bd3
Re8 9. Ne5 cxd4 10. exd4 Bxe5 11. dxe5 Nd7 12. Nf3 Nf8 13. O-O Bd7 14. Qd2 Rc8
15. h4 d4 16. cxd4 Ne7 17. Rad1 Bc6 18. Qf4 Bxf3 19. Qxf3 Qb6 20. Rd2 Rc7 21.
h5 h6 22. Rfd1 Rec8 23. Be4 Qa5 24. a3 Rc1 25. Kh2 Rxd1 26. Rxd1 Nd5 27. Bf4
Qd8 28. Bd2 Rc7 29. g3 Qd7 30. Kg2 Qa4 31. Be1 Nd7 32. Rd3 N7b6 33. Bd2 Rc2 34.
Bc3 Rc1 35. Bd2 Rc7 36. Qg4 Kh8 37. Qh4 Rd7 38. Rf3 Kg8 39. Bd3 Ne7 40. Bb4
Nbd5 41. Bd6 Qc6 42. Be4 Qb5 43. Bd3 Qc6 44. Qe4 Nf5 45. g4 Nh4+ 46. Kg3 Rxd6
47. Kxh4 Rd7 48. Qh7+ Kf8 49. Qh8+ Ke7 50. Rxf7+ 1-0

[Event "Philadelphia Open"]
[Site "Philadelphia"]
[Date "2017.04.12"]
[Round "1.33"]
[White "Tsay, Vincent"]
[Black "Pressman, Leif"]
[Result "0-1"]
[WhiteElo "2288"]
[BlackElo "1956"]
[PlyCount "88"]
[EventDate "2017.04.??"]
[EventType "swiss"]
[EventRounds "9"]
[EventCountry "USA"]

1. d4 d5 2. c4 c6 3. Nf3 Nf6 4. g3 Bg4 5. Ne5 Bf5 6. cxd5 Qxd5 7. f3 Bxb1 8.
Rxb1 Qxa2 9. Bd2 Nbd7 10. e4 Nxe5 11. dxe5 Nd7 12. Bc3 Rd8 13. Ra1 Qe6 14. Qd4
Nb6 15. Qe3 Nc8 16. Be2 Qb3 17. O-O e6 18. Rfd1 Be7 19. Rxd8+ Bxd8 20. Kg2 O-O
21. Qd2 Be7 22. Bd1 Qb6 23. Ba5 Qa6 24. Be2 b5 25. Qd7 g6 26. b4 Bd8 27. Rc1
Bxa5 28. bxa5 Qxa5 29. Qxc6 b4 30. f4 Nb6 31. Rc5 Qa2 32. Rc2 Qa3 33. Qd6 Qa4
34. Bd3 b3 35. Rd2 Qa5 36. Be2 Qc3 37. Rd1 Qc2 38. Qd3 Rc8 39. Qxc2 Rxc2 40.
Kf3 b2 41. Bd3 Rc1 42. Rd2 Rc3 43. Rxb2 Rxd3+ 44. Kg4 Rd4 0-1

[Event "Philadelphia Open"]
[Site "Philadelphia"]
[Date "2017.04.12"]
[Round "1.34"]
[White "Sinha, Sahil"]
[Black "De Fotis, Gary"]
[Result "1/2-1/2"]
[WhiteElo "2288"]
[BlackElo "1934"]
[PlyCount "126"]
[EventDate "2017.04.??"]
[EventType "swiss"]
[EventRounds "9"]
[EventCountry "USA"]

1. d4 Nf6 2. c4 e6 3. Nc3 Bb4 4. Qc2 O-O 5. Nf3 c5 6. dxc5 Na6 7. g3 Nxc5 8.
Bg2 d5 9. O-O dxc4 10. Ne5 Qe7 11. Nxc4 e5 12. Bg5 Bxc3 13. Qxc3 Re8 14. Rfd1
Bg4 15. Nd6 b6 16. Nxe8 Rxe8 17. Qd2 h6 18. Bxf6 Qxf6 19. h3 Bf5 20. Qe3 e4 21.
Rd2 a5 22. Rad1 Re6 23. Rd5 Bg6 24. Qd4 Qe7 25. Rd6 e3 26. f4 Bc2 27. Rd8+ Kh7
28. Rc1 Be4 29. Bxe4+ Nxe4 30. Rd7 Qe8 31. Rcc7 Nxg3 32. Qd3+ Rg6 33. Rxf7 Qe4
34. Qxe4 Nxe4+ 35. Kh2 Nd2 36. Rc1 Kg8 37. Re7 Rf6 38. Rxe3 Rxf4 39. Kg2 Nc4
40. Rb3 g5 41. Rc2 Re4 42. Kf2 Kf7 43. Rbc3 Ne5 44. Re3 Rf4+ 45. Kg3 Kf6 46.
Rc8 Rb4 47. Rb3 Rxb3+ 48. axb3 h5 49. h4 gxh4+ 50. Kxh4 Ke6 51. Rb8 Nd7 52. Rb7
Kd6 53. Kxh5 Kc6 54. Rxd7 Kxd7 55. Kg6 Ke6 56. Kg7 Ke5 57. Kf7 Ke4 58. Ke6 Ke3
59. Kd5 Kxe2 60. Kc4 Kd2 61. b4 Kc2 62. b3 axb4 63. Kxb4 b5 1/2-1/2

[Event "Philadelphia Open"]
[Site "Philadelphia"]
[Date "2017.04.12"]
[Round "1.35"]
[White "Fernandez, Nelson"]
[Black "Niemann, Hans"]
[Result "1/2-1/2"]
[WhiteElo "1922"]
[BlackElo "2281"]
[PlyCount "110"]
[EventDate "2017.04.??"]
[EventType "swiss"]
[EventRounds "9"]
[EventCountry "USA"]

1. d4 Nf6 2. c4 c5 3. d5 e6 4. Nc3 exd5 5. cxd5 d6 6. e4 g6 7. h3 Bg7 8. Nf3
O-O 9. Bd3 a6 10. a4 Nbd7 11. O-O Ne8 12. Bf4 Qe7 13. Re1 b6 14. Qb3 Rb8 15.
Rad1 Ne5 16. Be2 Nc7 17. Bg3 b5 18. Nxe5 Bxe5 19. f4 Bd4+ 20. Kh2 h5 21. Kh1 h4
22. Bh2 g5 23. Bf3 gxf4 24. Bxf4 Be5 25. Ne2 Bd7 26. a5 Bxf4 27. Nxf4 Qg5 28.
Qe3 Rbe8 29. Qd2 f5 30. exf5 Rxe1+ 31. Rxe1 Rxf5 32. Re4 Nxd5 33. Bg4 Rxf4 34.
Rxf4 Nxf4 35. Bxd7 d5 36. Bc8 Qe5 37. Bxa6 Ne2 38. Bxb5 Ng3+ 39. Kg1 c4 40. Bc6
d4 41. Bf3 Qc5 42. Bd1 d3+ 43. Qf2 Qxa5 44. Qe3 Ne2+ 45. Kh2 Qc7+ 46. Kh1 Ng3+
47. Kg1 Qd6 48. Qg5+ Kf8 49. Qxh4 Qe5 50. Qd8+ Kg7 51. Qd7+ Kh6 52. Qc6+ Kg7
53. Qd7+ Kf6 54. Qd8+ Kg7 55. Qd7+ Kh6 1/2-1/2

[Event "Philadelphia Open"]
[Site "Philadelphia"]
[Date "2017.04.12"]
[Round "1.37"]
[White "Sobh, Hassan"]
[Black "FM Gorti, Akshita"]
[Result "1-0"]
[WhiteElo "1827"]
[BlackElo "2261"]
[PlyCount "57"]
[EventDate "2017.04.??"]
[EventType "swiss"]
[EventRounds "9"]
[EventCountry "USA"]

1. a3 Nf6 2. b4 d5 3. Bb2 Bg4 4. Nf3 Nbd7 5. e3 e6 6. c4 a5 7. b5 c5 8. Be2 Bd6
9. d4 cxd4 10. Nxd4 Bxe2 11. Qxe2 O-O 12. Nd2 Nc5 13. a4 Qc7 14. h3 Nfe4 15.
N4f3 Nxd2 16. Nxd2 dxc4 17. Qxc4 Rfe8 18. Ke2 Rac8 19. Rac1 Qb8 20. Ne4 Nd7 21.
Qb3 Bb4 22. Rxc8 Rxc8 23. Qd3 Ne5 24. Qd4 f6 25. Rd1 h6 26. f4 Nc4 27. Nxf6+
gxf6 28. Qxf6 Nxb2 29. Rd7 1-0

[Event "Philadelphia Open"]
[Site "Philadelphia"]
[Date "2017.04.12"]
[Round "1.38"]
[White "FM Volkov, Dmitri"]
[Black "Lee, Jayden"]
[Result "1-0"]
[WhiteElo "2248"]
[BlackElo "1682"]
[PlyCount "75"]
[EventDate "2017.04.??"]
[EventType "swiss"]
[EventRounds "9"]
[EventCountry "USA"]

1. e4 e5 2. Nf3 Nc6 3. d4 exd4 4. Nxd4 Nf6 5. Nxc6 bxc6 6. e5 Qe7 7. Qe2 Nd5 8.
c4 Nb6 9. Nc3 Qe6 10. Qe4 Bb7 11. Bd3 Be7 12. O-O c5 13. Qe2 a6 14. Bd2 O-O 15.
Rae1 Rfe8 16. b3 Rad8 17. f4 f5 18. exf6 Qxf6 19. Ne4 Qf7 20. Qg4 d5 21. Ng5
Bxg5 22. fxg5 Rxe1 23. Bxe1 Qe7 24. Bxh7+ Kxh7 25. Qh5+ Kg8 26. g6 Qe3+ 27. Kh1
Qh6 28. Qf5 Nd7 29. Qf7+ Kh8 30. Qxd7 Rg8 31. Qxc7 Ba8 32. Qd6 Qe3 33. cxd5 Qd3
34. Rf3 Qxf3 35. gxf3 Re8 36. Bc3 Rg8 37. Qe7 Bxd5 38. Qh4# 1-0

[Event "Philadelphia Open"]
[Site "Philadelphia"]
[Date "2017.04.12"]
[Round "1.39"]
[White "Wongso, Steve"]
[Black "FM Kretchetov, Alex"]
[Result "0-1"]
[WhiteElo "2242"]
[BlackElo "1617"]
[PlyCount "82"]
[EventDate "2017.04.??"]
[EventType "swiss"]
[EventRounds "9"]
[EventCountry "USA"]

1. e4 e5 2. Nf3 Nc6 3. Nc3 Nf6 4. Bb5 Bb4 5. O-O O-O 6. d3 Bxc3 7. bxc3 Qe7 8.
Bg5 Nd8 9. Re1 d6 10. d4 Ne6 11. Bh4 c5 12. Bf1 Rd8 13. d5 Nf8 14. Nd2 h6 15.
f3 g5 16. Bf2 Ng6 17. g3 Ne8 18. Kg2 Ng7 19. Bd3 Rf8 20. Rh1 h5 21. Qe2 h4 22.
Rag1 a6 23. a4 h3+ 24. Kf1 b5 25. c4 bxa4 26. Qd1 Bd7 27. Ke2 f5 28. c3 g4 29.
exf5 e4 30. fxe4 Nxf5 31. Qc2 Ne5 32. Kd1 Nh4 33. Be3 Ng2 34. Bh6 Qh7 35. Bg5
Qh5 36. Bf4 Rxf4 37. Kc1 Rf2 38. Bf1 Ne3 39. Qb1 Qg5 40. Qb7 Nxf1 41. Qxa8+ Kg7
0-1

[Event "Philadelphia Open"]
[Site "Philadelphia"]
[Date "2017.04.12"]
[Round "1.40"]
[White "FM Betanelli, Alexander"]
[Black "Bohorquez, Maria"]
[Result "1-0"]
[WhiteElo "2236"]
[BlackElo "1570"]
[PlyCount "85"]
[EventDate "2017.04.??"]
[EventType "swiss"]
[EventRounds "9"]
[EventCountry "USA"]

1. c4 Nf6 2. g3 g6 3. Bg2 Bg7 4. Nc3 d6 5. e4 O-O 6. Nge2 e5 7. O-O c6 8. d3
Ne8 9. Be3 f5 10. exf5 gxf5 11. f4 exf4 12. Nxf4 Nf6 13. Kh1 Re8 14. Qd2 Nbd7
15. Rae1 Ne5 16. b3 Bd7 17. d4 Neg4 18. Bg1 Re7 19. d5 c5 20. Ne6 Qa5 21. Nxg7
Rxg7 22. Ne4 Qxd2 23. Nxd2 Ne5 24. Nf3 Nfg4 25. Nxe5 Nxe5 26. Bh3 Rf7 27. Be3
b5 28. cxb5 Bxb5 29. Rxf5 Rxf5 30. Bxf5 Rf8 31. Be6+ Kg7 32. Kg2 a6 33. Bxc5
dxc5 34. Rxe5 Rf1 35. a4 Bd3 36. Bg4 Rf8 37. Re7+ Kf6 38. Re3 Bc2 39. d6 Rd8
40. d7 Bg6 41. Rc3 Ke7 42. Rxc5 Bf7 43. b4 1-0

[Event "Philadelphia Open"]
[Site "Philadelphia"]
[Date "2017.04.13"]
[Round "2.1"]
[White "IM Mulyar, Michael"]
[Black "GM Belous, Vladimir"]
[Result "1/2-1/2"]
[WhiteElo "2390"]
[BlackElo "2581"]
[Annotator "Hater,David"]
[PlyCount "94"]
[EventDate "2017.04.??"]
[EventType "swiss"]
[EventRounds "9"]
[EventCountry "USA"]

1. d4 Nf6 2. Nf3 g6 3. c4 Bg7 4. g3 c5 5. Bg2 Qa5+ 6. Nc3 Ne4 7. Qd3 cxd4 8.
Nxd4 Nc5 9. Qd1 Nc6 10. e3 Ne6 11. O-O O-O 12. Nxe6 dxe6 13. Bd2 Rd8 14. Bxc6
bxc6 15. Nd5 Qa6 16. Nxe7+ Kh8 17. Nxc8 Qxc4 18. Ne7 Qc5 19. Nxg6+ hxg6 20. Rc1
Qd5 21. Bc3 Qxa2 22. Qf3 Bxc3 23. bxc3 Kg7 24. Qxc6 Qa5 25. c4 Qh5 26. Rb1 Rh8
27. h4 Rac8 28. Qe4 Qc5 29. Rb7 Rc7 30. Rfb1 Rhc8 31. R1b5 Qxc4 32. Qxc4 Rxc4
33. Rxa7 R8c7 34. Rxc7 Rxc7 35. Kg2 Rc2 36. g4 Ra2 37. Kg3 Rc2 38. f3 Rc3 39.
Kf4 Rc4+ 40. e4 Rc3 41. h5 gxh5 42. gxh5 Rc1 43. Rg5+ Kh6 44. Rb5 Rh1 45. Kg4
Rg1+ 46. Kf4 Rh1 47. Kg4 Rg1+ 1/2-1/2

[Event "Philadelphia Open"]
[Site "Philadelphia"]
[Date "2017.04.13"]
[Round "2.2"]
[White "GM Sadorra, Julio"]
[Black "IM Checa, Nicolas"]
[Result "1-0"]
[WhiteElo "2580"]
[BlackElo "2400"]
[PlyCount "75"]
[EventDate "2017.04.??"]
[EventType "swiss"]
[EventRounds "9"]
[EventCountry "USA"]

1. d4 d5 2. c4 c6 3. cxd5 cxd5 4. Bf4 Nc6 5. e3 Nf6 6. Nc3 a6 7. Be2 Bf5 8. g4
Bc8 9. Bf3 e6 10. Nge2 Bd6 11. Rc1 O-O 12. h3 Na5 13. Kf1 Bxf4 14. Nxf4 Nc4 15.
g5 Ne8 16. b3 Ncd6 17. h4 Bd7 18. Be2 Rc8 19. Bd3 Qa5 20. Kg2 Nb5 21. Na4 Rxc1
22. Qxc1 Ned6 23. Nc5 Bc6 24. a4 Nc7 25. Qb1 e5 26. b4 Qb6 27. a5 Qa7 28. dxe5
Nc4 29. Bxh7+ Kh8 30. e6 d4+ 31. Kh2 Qb8 32. Qd1 Nxe6 33. Ncxe6 fxe6 34. Bg6
Kg8 35. Qh5 Rxf4 36. Qh7+ Kf8 37. Qh8+ Ke7 38. Qxb8 1-0

[Event "Philadelphia Open"]
[Site "Philadelphia"]
[Date "2017.04.13"]
[Round "2.3"]
[White "Hong, Andrew"]
[Black "GM Sevian, Sam"]
[Result "1/2-1/2"]
[WhiteElo "2378"]
[BlackElo "2574"]
[PlyCount "82"]
[EventDate "2017.04.??"]
[EventType "swiss"]
[EventRounds "9"]
[EventCountry "USA"]

1. e4 e5 2. Nf3 Nc6 3. Bb5 a6 4. Ba4 Nf6 5. O-O d6 6. Re1 Bd7 7. Bxc6 Bxc6 8.
d4 Be7 9. Nc3 exd4 10. Nxd4 Bd7 11. Qf3 O-O 12. Nf5 Bxf5 13. Qxf5 c6 14. Be3
Qc8 15. Qxc8 Raxc8 16. Rad1 Ng4 17. Bd4 Rfd8 18. f4 b5 19. a3 Nf6 20. Rd3 Nd7
21. Ne2 g6 22. Red1 a5 23. Bc3 Nc5 24. Re3 a4 25. Kf2 Bf8 26. Kf3 Re8 27. g4
Nd7 28. Ng3 Nb6 29. Nf1 d5 30. Ng3 Bg7 31. Bxg7 Kxg7 32. Re2 dxe4+ 33. Nxe4 Nc4
34. c3 Rcd8 35. Rde1 Rd3+ 36. Kf2 Red8 37. g5 h6 38. Kg2 hxg5 39. fxg5 Rh8 40.
Nf6 Nd6 41. Re3 Rd2+ 1/2-1/2

[Event "Philadelphia Open"]
[Site "Philadelphia"]
[Date "2017.04.13"]
[Round "2.4"]
[White "FM Thavandiran, Shiyam"]
[Black "GM Li, Ruifeng"]
[Result "1/2-1/2"]
[WhiteElo "2375"]
[BlackElo "2565"]
[PlyCount "54"]
[EventDate "2017.04.??"]
[EventType "swiss"]
[EventRounds "9"]
[EventCountry "USA"]

1. e4 c5 2. Nf3 d6 3. d4 cxd4 4. Nxd4 Nf6 5. Nc3 a6 6. a4 Nc6 7. a5 Nxa5 8. Nd5
e6 9. Nxf6+ gxf6 10. Bd2 Nc6 11. Nxc6 bxc6 12. Bd3 h5 13. O-O Be7 14. Qe2 Qb6
15. Ra2 e5 16. Rfa1 Bg4 17. Qe1 Bc8 18. Qe2 d5 19. Bxa6 Bxa6 20. Rxa6 Rxa6 21.
Rxa6 Qxb2 22. Rxc6 Qb1+ 23. Be1 dxe4 24. Rc8+ Bd8 25. Qxe4 O-O 26. h3 Be7 27.
Rxf8+ Bxf8 1/2-1/2

[Event "Philadelphia Open"]
[Site "Philadelphia"]
[Date "2017.04.13"]
[Round "2.5"]
[White "GM Paragua, Mark"]
[Black "IM Mandizha, Farai"]
[Result "1/2-1/2"]
[WhiteElo "2521"]
[BlackElo "2359"]
[PlyCount "116"]
[EventDate "2017.04.??"]
[EventType "swiss"]
[EventRounds "9"]
[EventCountry "USA"]

1. d4 Nf6 2. Bg5 e6 3. e4 h6 4. Bxf6 Qxf6 5. c3 d6 6. Bd3 g6 7. Ne2 Bg7 8. O-O
O-O 9. f4 Qe7 10. e5 dxe5 11. fxe5 c5 12. Nd2 Nc6 13. Ne4 cxd4 14. cxd4 Rd8 15.
Nd6 Rxd6 16. exd6 Qxd6 17. Kh1 Bd7 18. Be4 f5 19. Bf3 Nxd4 20. Nxd4 Bxd4 21.
Qb3 Rb8 22. Rfd1 Kf8 23. Rxd4 Qxd4 24. Rd1 Qe5 25. Qb4+ Ke8 26. Qd2 Qg7 27. Qd6
Rd8 28. Bxb7 Qf6 29. Re1 Bc8 30. Qc6+ Bd7 31. Qc7 Qd4 32. Bc6 Ke7 33. Bf3 Rc8
34. Qa5 Rc2 35. Rd1 Qc5 36. Qe1 g5 37. b4 Qc3 38. Qg1 Rxa2 39. b5 Bxb5 40. Rc1
Rc2 41. Qxa7+ Kf6 42. Rxc2 Qxc2 43. Qa1+ e5 44. h3 Bc6 45. Qa3 Ke6 46. Bxc6
Qxc6 47. Qf8 Qc1+ 48. Kh2 Qf4+ 49. Kh1 Qc1+ 50. Kh2 e4 51. Qe8+ Kd5 52. Qd8+
Ke5 53. Qh8+ Kf4 54. Qxh6 Qc7 55. g3+ Kf3 56. Qh5+ Kf2 57. Qxg5 Qe5 58. Qd2+
Kf3 1/2-1/2

[Event "Philadelphia Open"]
[Site "Philadelphia"]
[Date "2017.04.13"]
[Round "2.6"]
[White "IM Ippolito, Dean"]
[Black "GM Barbosa, Oliver"]
[Result "0-1"]
[WhiteElo "2365"]
[BlackElo "2509"]
[Annotator "Hater,David"]
[PlyCount "100"]
[EventDate "2017.04.??"]
[EventType "swiss"]
[EventRounds "9"]
[EventCountry "USA"]

1. d4 d5 2. c4 c6 3. Nf3 Nf6 4. Qb3 dxc4 5. Qxc4 Bg4 6. Nbd2 Nbd7 7. g3 e6 8.
Bg2 Be7 9. O-O O-O 10. Ne5 Bh5 11. Ndf3 a5 12. Nxd7 Nxd7 13. e4 a4 14. Be3 Qa5
15. h3 c5 16. g4 Bg6 17. Ne5 Nb6 18. Qe2 cxd4 19. Bxd4 Rfd8 20. Qe3 Nd7 21.
Nxd7 Rxd7 22. Rac1 e5 23. Bc5 Qb5 24. Bxe7 Rxe7 25. Qc5 Qe8 26. Rfd1 h5 27. Qd5
Kh7 28. Bf1 Re6 29. Rc7 Rf6 30. g5 Rf4 31. Bg2 b6 32. f3 h4 33. Rd3 Rb8 34. Bf1
f6 35. Qd7 Qf8 36. Rdc3 fxg5 37. Rc8 Rxc8 38. Rxc8 Qb4 39. Qd8 Bf7 40. Qh8+ Kg6
41. Rc6+ Rf6 42. Qc8 Kh7 43. Rxf6 gxf6 44. Qd7 Kg7 45. Bb5 Qxb2 46. Bxa4 Qd4+
47. Qxd4 exd4 48. a3 Bc4 49. Kg2 Kf7 50. Bc6 Ke7 0-1

[Event "Philadelphia Open"]
[Site "Philadelphia"]
[Date "2017.04.13"]
[Round "2.7"]
[White "GM Berczes, David"]
[Black "Homa, Seth"]
[Result "1-0"]
[WhiteElo "2500"]
[BlackElo "2326"]
[PlyCount "121"]
[EventDate "2017.04.??"]
[EventType "swiss"]
[EventRounds "9"]
[EventCountry "USA"]

1. c4 e5 2. g3 c6 3. Nf3 e4 4. Nd4 Nf6 5. Bg2 Qb6 6. Nc2 d5 7. Nc3 dxc4 8. Ne3
Be6 9. Qc2 Na6 10. Nxe4 Nxe4 11. Qxe4 Nc5 12. Qc2 Qa6 13. Qc3 O-O-O 14. O-O h5
15. b3 Be7 16. Qxg7 c3 17. Qxc3 Qxe2 18. d4 Qd3 19. Bb2 Qxc3 20. Bxc3 Bf6 21.
Rac1 Nd3 22. Rcd1 Nc5 23. Ba1 Nd7 24. d5 cxd5 25. Nxd5 Bxa1 26. Rxa1 Ne5 27.
Nf4 Bg4 28. Rac1+ Kb8 29. Rc3 Rd2 30. h3 Bd7 31. a4 h4 32. g4 f5 33. Re3 Nc6
34. f3 Rg8 35. Rd3 Rxd3 36. Nxd3 Nd4 37. Nc5 Bc6 38. Kf2 b6 39. Na6+ Kb7 40.
Nb4 Nxb3 41. Nxc6 Kxc6 42. f4+ Kc5 43. g5 Rd8 44. Re1 Rd2+ 45. Kf1 Rd6 46. Re5+
Kd4 47. Kf2 Nc5 48. Rxf5 Nxa4 49. Rf7 Nc5 50. f5 Nd3+ 51. Kg1 Ne5 52. Rxa7 Ke3
53. Ra4 Rd1+ 54. Kh2 Rd4 55. Ra1 Rd2 56. Rf1 Rf2 57. g6 Rxf1 58. g7 Nf3+ 59.
Bxf3 Kxf3 60. g8=Q Rf2+ 61. Kg1 1-0

[Event "Philadelphia Open"]
[Site "Philadelphia"]
[Date "2017.04.13"]
[Round "2.8"]
[White "GM Lopez, Angel"]
[Black "Giannatos, Peter"]
[Result "1-0"]
[WhiteElo "2498"]
[BlackElo "2290"]
[PlyCount "61"]
[EventDate "2017.04.??"]
[EventType "swiss"]
[EventRounds "9"]
[EventCountry "USA"]

1. e4 e6 2. d4 d5 3. Bd3 dxe4 4. Bxe4 Nf6 5. Bf3 c5 6. Ne2 Nc6 7. Be3 Be7 8.
O-O O-O 9. dxc5 Qc7 10. Nec3 Rd8 11. Nd2 Ne5 12. b4 Bd7 13. Be2 b6 14. Bf4 bxc5
15. b5 Be8 16. Kh1 Nd5 17. Nxd5 exd5 18. Nf3 f6 19. c4 Bf7 20. Nxe5 fxe5 21.
Bg3 dxc4 22. Qa4 Kh8 23. Rac1 Bg5 24. Rc2 Bf4 25. Bxc4 Rd4 26. Qb3 Bg6 27. Re2
Bxg3 28. fxg3 Rad8 29. Qc3 Rxc4 30. Qxc4 Bd3 31. Qxd3 1-0

[Event "Philadelphia Open"]
[Site "Philadelphia"]
[Date "2017.04.13"]
[Round "2.9"]
[White "GM Troff, Kayden"]
[Black "FM Volkov, Dmitri"]
[Result "0-1"]
[WhiteElo "2492"]
[BlackElo "2248"]
[PlyCount "138"]
[EventDate "2017.04.??"]
[EventType "swiss"]
[EventRounds "9"]
[EventCountry "USA"]

1. d4 Nf6 2. c4 g6 3. Nc3 Bg7 4. Nf3 d6 5. e4 O-O 6. Be2 e5 7. O-O Na6 8. Be3
c6 9. d5 Ng4 10. Bg5 f6 11. Bh4 c5 12. Ne1 h5 13. a3 Nh6 14. f3 Nf7 15. Nc2 Bh6
16. b4 b6 17. Rb1 Bg5 18. Bf2 h4 19. Qe1 f5 20. Bd3 Kg7 21. a4 Bd7 22. a5 Rh8
23. Nb5 Bf4 24. Ra1 Qg5 25. Nxa7 Nxb4 26. Nxb4 Rxa7 27. Nc6 Bxc6 28. dxc6 bxa5
29. Qb1 Rc8 30. exf5 gxf5 31. Bxf5 Rxc6 32. Bh3 Be3 33. Qe4 Bxf2+ 34. Rxf2 Rb6
35. g3 hxg3 36. hxg3 Rb3 37. Be6 a4 38. Kg2 a3 39. Bxf7 Rxf7 40. Rh1 Rb2 41.
Rxb2 axb2 42. Qc2 Qg6 43. Qxb2 Qd3 44. Rf1 Qxc4 45. Qd2 Qe6 46. Rh1 Ra7 47.
Qg5+ Qg6 48. Qd2 Ra4 49. Qb2 Qf7 50. Qc1 Ra2+ 51. Kg1 Qg6 52. Rh3 Qc2 53. Qxc2
Rxc2 54. Kf1 c4 55. Ke1 c3 56. Kd1 Rd2+ 57. Kc1 Rd3 58. g4 e4 59. Rh5 Rxf3 60.
Kc2 Rd3 61. Rf5 Kg6 62. Rf8 Kg7 63. Re8 d5 64. Re7+ Kf6 65. Re8 Kg5 66. Rg8+
Kf4 67. g5 Rg3 68. g6 d4 69. g7 Ke3 0-1

[Event "Philadelphia Open"]
[Site "Philadelphia"]
[Date "2017.04.13"]
[Round "2.10"]
[White "FM Pressman, Leif"]
[Black "IM Burke, John"]
[Result "1/2-1/2"]
[WhiteElo "2288"]
[BlackElo "2492"]
[PlyCount "57"]
[EventDate "2017.04.??"]
[EventType "swiss"]
[EventRounds "9"]
[EventCountry "USA"]

1. e4 c5 2. Nf3 d6 3. d4 cxd4 4. Nxd4 Nf6 5. Nc3 a6 6. Bg5 Nbd7 7. f4 Qc7 8.
Qf3 h6 9. Bxf6 Nxf6 10. f5 Qc5 11. O-O-O g5 12. Bd3 Bg7 13. Kb1 Bd7 14. e5 dxe5
15. Qxb7 O-O 16. Nb3 Qc6 17. Qxc6 Bxc6 18. Rd2 a5 19. Re1 Rfd8 20. a4 Nd5 21.
Nxd5 Bxd5 22. Be4 Bxb3 23. Rxd8+ Rxd8 24. cxb3 Rd4 25. Kc2 e6 26. fxe6 fxe6 27.
Bd3 Kf7 28. Re4 Rxe4 29. Bxe4 1/2-1/2

[Event "Philadelphia Open"]
[Site "Philadelphia"]
[Date "2017.04.13"]
[Round "2.11"]
[White "IM Gurevich, Daniel"]
[Black "FM Betanelli, Alexander"]
[Result "1-0"]
[WhiteElo "2465"]
[BlackElo "2236"]
[PlyCount "87"]
[EventDate "2017.04.??"]
[EventType "swiss"]
[EventRounds "9"]
[EventCountry "USA"]

1. e4 e5 2. Nf3 Nc6 3. Bb5 a6 4. Ba4 d6 5. c3 Bd7 6. O-O g6 7. d4 Bg7 8. Re1
Nf6 9. Nbd2 O-O 10. h3 Re8 11. d5 Ne7 12. Bc2 h6 13. c4 Nh7 14. Nf1 f5 15. exf5
gxf5 16. Ng3 Nf6 17. Nh4 Qc8 18. a4 f4 19. Ne4 Nxe4 20. Bxe4 Rf8 21. Ra3 Qe8
22. a5 Bf6 23. Nf3 Rf7 24. Qc2 Rg7 25. Nh2 Kh8 26. Ng4 Bxg4 27. hxg4 Rxg4 28.
Rh3 Rh4 29. Rxh4 Bxh4 30. Qb3 Rb8 31. c5 Bg5 32. Bd2 Ng8 33. cxd6 cxd6 34. Qb6
Qd8 35. Bb4 Qxb6 36. axb6 Be7 37. Bf5 Nf6 38. Be6 Kg7 39. Rc1 Ne8 40. Rc7 Kf6
41. Kf1 Ng7 42. Rc8 Rxc8 43. Bxc8 Bd8 44. Ba5 1-0

[Event "Philadelphia Open"]
[Site "Philadelphia"]
[Date "2017.04.13"]
[Round "2.12"]
[White "FM Kretchetov, Alexandre"]
[Black "IM Balakrishnan, Praveen"]
[Result "1-0"]
[WhiteElo "2242"]
[BlackElo "2436"]
[PlyCount "110"]
[EventDate "2017.04.??"]
[EventType "swiss"]
[EventRounds "9"]
[EventCountry "USA"]

1. Nf3 d5 2. d4 Nf6 3. c4 e6 4. Nc3 dxc4 5. e3 a6 6. a4 c5 7. Bxc4 Nc6 8. O-O
Be7 9. Qe2 O-O 10. Rd1 Qc7 11. Bd2 Rd8 12. Be1 Bd7 13. Rac1 Rac8 14. d5 exd5
15. Nxd5 Nxd5 16. Bxd5 b5 17. axb5 axb5 18. Qxb5 Nd4 19. Qf1 Bb5 20. Bc4 Nxf3+
21. gxf3 Bc6 22. Qh3 Qb7 23. e4 Bg5 24. Rb1 Qe7 25. Bc3 Bd7 26. Qg3 Rc6 27. Kh1
Rg6 28. Qc7 Qe8 29. Rg1 Rc8 30. Qe5 Qxe5 31. Bxe5 Bc6 32. Rbd1 Rd8 33. Rxd8+
Bxd8 34. Rxg6 hxg6 35. Bd6 Bf6 36. b3 Bd4 37. Kg2 Bb7 38. Kf1 Bc6 39. Ke2 Bb7
40. Be7 Bc6 41. Bd6 Bb7 42. Bc7 Bb2 43. Kd3 Bc8 44. Bd6 Ba3 45. f4 Bh3 46. Ke3
Bd7 47. Kf3 Bc8 48. Kg3 Bd7 49. Kh4 Bb4 50. Be7 Bc8 51. Kg5 Bd7 52. f5 gxf5 53.
exf5 Bd2+ 54. f4 Be3 55. h4 Bc8 1-0

[Event "Philadelphia Open"]
[Site "Philadelphia"]
[Date "2017.04.13"]
[Round "2.13"]
[White "Zhu, Jack"]
[Black "Paciorkowski, Lev"]
[Result "1-0"]
[WhiteElo "2427"]
[BlackElo "2158"]
[PlyCount "65"]
[EventDate "2017.04.??"]
[EventType "swiss"]
[EventRounds "9"]
[EventCountry "USA"]

1. e4 c5 2. Nf3 e6 3. d4 cxd4 4. Nxd4 a6 5. Bd3 Nf6 6. O-O Qc7 7. a4 b6 8. Nc3
Bc5 9. Nb3 Be7 10. f4 d6 11. Qe2 Nc6 12. Be3 Bb7 13. Rae1 Nb4 14. Nd4 Rc8 15.
Kh1 O-O 16. Bg1 Nxd3 17. cxd3 Rfe8 18. Rf3 Bf8 19. Ref1 g6 20. f5 exf5 21. Nxf5
gxf5 22. Rxf5 Bg7 23. Bd4 Nxe4 24. Qg4 f6 25. dxe4 Qd7 26. Bxf6 Rf8 27. Bd4 Qe7
28. Kg1 Rxf5 29. exf5 Qd7 30. Qg3 Rc4 31. Ne2 Kf8 32. f6 Bh8 33. f7 1-0